000 00574nam a22001817a 4500
005 20251108173355.0
008 250721s2003 xx 000 0 ara d
082 1 4 _a194/مان
100 1 _aمانغ، فيليب
245 1 0 _aجيل دلوز او نسق المتعدد /
264 1 _aاللاذقية :
_bدار الحوار للنشر و التوزيع،
_c2003.
300 _a245 ص
650 1 7 _aالفلسفة الفرنسية
650 1 7 _aالنقد الفلسفي
700 1 _aعرفة، عبد العزيز
_eTran.
942 _2ddc
_cBK
999 _c102389
_d102389